| 000 | 00775nam a2200217 a 4500 | ||
|---|---|---|---|
| 003 | 0 | ||
| 005 | 20250219085739.0 | ||
| 008 | 110622s19uu xx 00 eng d | ||
| 050 |
_aPHS HM 1221 _b.R81 2011 |
||
| 100 | _aRoxas, Chrizelle Denise. | ||
| 245 |
_aPrint media and the extent of consumerism / _cChrizelle Denise B. Roxas. |
||
| 260 |
_aLas PiƱas City, Philippines : _bSouthville International School and Colleges, _c2011. |
||
| 300 |
_a37 pages : _billustrations ; _c28 cm. |
||
| 504 | _aIncludes bibliographical references. | ||
| 650 | _aPrint media. | ||
| 650 |
_aConsumer behavior _vPsychological aspects. |
||
| 650 |
_aAdvertising _vSocial aspects. |
||
| 650 |
_aMass media _vEconomic aspects. |
||
| 650 |
_aConsumerism _vMedia influence. |
||
| 942 |
_2lcc _cPASS |
||
| 999 |
_c98583 _d98583 |
||